El terrorismo alemán en Bélgica / (Record no. 146641)

MARC details
000 -LEADER
campo de control de longitud fija 00739nam a2200205 i 4500
001 - NÚMERO DE CONTROL
campo de control 146641
003 - IDENTIFICADOR DE NÚMERO DE CONTROL
campo de control ES-MaACL
005 - FECHA Y HORA DE LA ÚLTIMA TRANSACCIÓN
campo de control 20231226155051.0
007 - CAMPO FIJO DE DESCRIPCIÓN FÍSICA--INFORMACIÓN GENERAL
campo de control de longitud fija t|
008 - DATOS DE LONGITUD FIJA--INFORMACIÓN GENERAL
campo de control de longitud fija 070913s1917 xxk ||||1| spa d
100 1# - ENTRADA PRINCIPAL--NOMBRE DE PERSONA
Nombre de persona Toynbee, Arnold Joseph.
9 (RLIN) 111194
245 13 - MENCIÓN DEL TÍTULO
Título El terrorismo alemán en Bélgica /
Mención de responsabilidad, etc. narración basada en los documentos por Arnold Joseph Toynbee ; con una introducción por Ramiro de Maeztu.
260 ## - PUBLICACIÓN, DISTRIBUCIÓN, ETC.
Lugar de publicación, distribución, etc. Londres :
Nombre del editor, distribuidor, etc. Haymace, Christy & Lilly,
Fecha de publicación, distribución, etc. 1917.
300 ## - DESCRIPCIÓN FÍSICA
Extensión 166 p. :
Otras características físicas il., 2 map. ;
Dimensiones 21 cm.
650 #4 - PUNTO DE ACCESO ADICIONAL DE MATERIA--TÉRMINO DE MATERIA
Término de materia o nombre geográfico como elemento de entrada Guerra mundial, 1914-1918-
Subdivisión geográfica Bélgica.
9 (RLIN) 158946
700 1# - ENTRADA AGREGADA--NOMBRE PERSONAL
Nombre de persona Maeztu, Ramiro de,
Fechas asociadas al nombre 1875-1936
9 (RLIN) 75421
852 ## - LOCALIZACIÓN
Ubicación ES-MaACL
Número de control de estantería F-4304
852 ## - LOCALIZACIÓN
Ubicación ES-MaACL
Número de control de estantería G-14090
Holdings
Estatus retirado Estado de pérdida Estado de daño No para préstamo Biblioteca de origen Biblioteca actual Ubicación en estantería Fecha de adquisición Fuente de adquisición Total de préstamos Signatura topográfica completa Código de barras Visto por última vez Precio de reemplazo Tipo de ítem Koha
        Biblioteca del Ateneo de Madrid Biblioteca del Ateneo de Madrid Sala Pecera Planta 3 17/01/2008     G-14090 1153049 23/02/2023 23/02/2023 Libro impreso
        Biblioteca del Ateneo de Madrid Biblioteca del Ateneo de Madrid Depósito 2 17/01/2008     F-4304 1153048 23/02/2023 23/02/2023 Libro impreso